000 00572nam a2200229Ia 4500
003 OSt
005 20220924143319.0
006 a|||||r|||| 00| 0
007 ta
008 220923b |||||||| |||| 00| 0 urd d
024 _a307741
037 _cTextual
040 _aARTS
_cARTS
_burd
041 _2urd
_aurd
082 _aA:Q7, 168M1
100 _aQudusi Abiduldah
_9215409
245 0 _aIslam ki inqalabi - ilmi tehreek
260 _c1981
650 _aSCIENCE
942 _hA:Q7, 168M1
_cTEXL
_2CC
999 _c454053
_d454053